| 000 | 01169cam a22003494a 4500 | ||
|---|---|---|---|
| 005 | 20260322212055.0 | ||
| 006 | data | ||
| 007 | data | ||
| 008 | data | ||
| 010 | _a 00061059 | ||
| 020 | _a9780765703002 | ||
| 020 | _a0765703009 | ||
| 040 |
_aDLC _cDLC _dC#P |
||
| 041 | 0 | 9 | _aeng |
| 042 |
_anlmcopyc _anlmcopyc |
||
| 044 | _9United States | ||
| 050 | 0 | 0 |
_aRC480.5 _b.W277 2001 |
| 060 | 1 | 0 |
_aWM 420 _bW291b 2001 |
| 082 | 0 | 0 |
_a616.89/1 _221 |
| 100 | 1 | _aWarren, Muriel. | |
| 245 | 1 | 0 |
_aBehavioral management guide : _bessential treatment strategies for adult psychotherapy / _cMuriel Warren. |
| 260 |
_aNorthvale, N.J. : _bJason Aronson, _cc2001. |
||
| 300 |
_axi, 425 p. : _bforms ; _c24 cm. + _e1 computer optical disc (4 3/4 in.) |
||
| 336 |
_atext _btxt _2rdacontent |
||
| 337 |
_aunmediated _bn _2rdamedia |
||
| 338 |
_avolume _bnc _2rdacarrier |
||
| 504 | _aIncludes bibliographical references (p. [415]-416) and index. | ||
| 650 | 1 | 2 |
_aMental Disorders _xtherapy _0https://id.nlm.nih.gov/mesh/D001523Q000628 |
| 650 | 1 | 2 |
_aPsychotherapy _0https://id.nlm.nih.gov/mesh/D011613 |
| 650 | 2 | 2 |
_aPatient Care Planning _0https://id.nlm.nih.gov/mesh/D010347 |
| 001 | data | ||
| 999 |
_c1307 _d1307 |
||